The Internet edge : social, legal, and technological challenges for a networked world /
The Internet edge: change and connections. The portable network: away from the desktop and into the World. The digital wallet and the copyright box: the coming arms race in trusted systems...
Сохранить в:
| Главный автор: | |
|---|---|
| Формат: | |
| Язык: | English |
| Опубликовано: |
Cambridge MA :
MIT Press,
1999.
|
| Предметы: | |
| Метки: |
Добавить метку
Нет меток, Требуется 1-ая метка записи!
|
| Thư viện lưu trữ: | Mạng thư viện Đại học Đà Nẵng |
|---|
| LEADER | 01189cam a2200361 i 4500 | ||
|---|---|---|---|
| 001 | 000049651 | ||
| 003 | 9661 | ||
| 005 | 20030314101605.0 | ||
| 008 | 010406|1999 vm 000 eng | ||
| 020 | |a 026219418X | ||
| 040 | |a IRC |c IRC |d IRC | ||
| 041 | 0 | |a eng | |
| 082 | 1 | 4 | |a 306.46 |b ST-M |
| 100 | 1 | |a Stefik, Mark J. | |
| 245 | 0 | 4 | |a The Internet edge : |b social, legal, and technological challenges for a networked world / |c Mark J. Stefik. |
| 260 | |a Cambridge MA : |b MIT Press, |c 1999. | ||
| 300 | |a xviii, 320 p. : |b ill., 1 map. ; |c 23.5cm. | ||
| 520 | 3 | |a The Internet edge: change and connections. The portable network: away from the desktop and into the World. The digital wallet and the copyright box: the coming arms race in trusted systems... | |
| 630 | 0 | 4 | |a Internet. |
| 630 | 0 | 4 | |a Social aspects. |
| 650 | 0 | 4 | |a Computers and civilization. |
| 650 | 0 | 4 | |a Information society. |
| 650 | 0 | 4 | |a Internet (Computer network) |x Social aspects. |
| OWN | |a DUT | ||
| 999 | |a From the UDN01 | ||
| TYP | |a Monograph | ||
| TYP | |a Printed language | ||
| 980 | |a Mạng thư viện Đại học Đà Nẵng | ||


